Xác suất và xử lí số liệu thống kê

Salvato in:
Dettagli Bibliografici
Autore principale: Nguyễn, Bác Văn
Natura: Libro
Lingua:Undetermined
Pubblicazione: Hà Nội Giáo Dục 1999
Soggetti:
Tags: Aggiungi Tag
Nessun Tag, puoi essere il primo ad aggiungerne! !
Thư viện lưu trữ: Trung tâm Học liệu Trường Đại học Cần Thơ
LEADER 00569nam a2200193Ia 4500
001 CTU_48432
008 210402s9999 xx 000 0 und d
020 |b 17.000đ 
082 |a 519.2 
082 |b V115/1998 
100 |a Nguyễn, Bác Văn 
245 0 |a Xác suất và xử lí số liệu thống kê 
245 0 |c Nguyễn Bác Văn 
260 |a Hà Nội 
260 |b Giáo Dục 
260 |c 1999 
650 |a Mathematical statistics,Probabilities 
904 |i Minh 
980 |a Trung tâm Học liệu Trường Đại học Cần Thơ